[Event "Copenhagen KO"]
[Site "Copenhagen"]
[Date "2010.??.??"]
[Round "1.1"]
[White "Nielsen, Peter Heine"]
[Black "Svidler, Peter"]
[Result "0-1"]
[WhiteElo "2700"]
[BlackElo "2734"]
[PlyCount "78"]
[EventDate "2010.08.??"]
[EventType "k.o. (blitz)"]
[EventRounds "2"]
[EventCountry "DEN"]
[SourceTitle "CBM 137 Extra"]
[Source "ChessBase"]
[SourceDate "2010.09.01"]
[SourceVersion "1"]
[SourceVersionDate "2010.09.01"]
[SourceQuality "1"]

1. d4 Nf6 2. c4 g6 3. Nc3 Bg7 4. e4 O-O 5. Be2 d6 6. Nf3 e5 7. O-O Nbd7 8. Re1
c6 9. Bf1 exd4 10. Nxd4 Ng4 11. h3 Qb6 12. hxg4 Qxd4 13. g5 Qe5 14. g3 Qe7 15.
Bf4 Ne5 16. Rc1 f6 17. gxf6 Qxf6 18. Rc2 g5 19. Bxe5 dxe5 20. Rd2 g4 21. Ree2
Be6 22. Rd6 Rfd8 23. Rxd8+ Rxd8 24. Rd2 Rxd2 25. Qxd2 Bf8 26. Na4 h5 27. b4 b6
28. c5 b5 29. Nc3 h4 30. gxh4 Bh6 31. Qd6 g3 32. f3 Kg7 33. Kg2 Bf4 34. Qc7+
Bf7 35. Qd7 Qxh4 36. Qg4+ Qxg4 37. fxg4 Bd2 38. Nb1 Bxb4 39. Kxg3 Bxa2 0-1

[Event "Copenhagen KO"]
[Site "Copenhagen"]
[Date "2010.??.??"]
[Round "1.2"]
[White "Svidler, Peter"]
[Black "Nielsen, Peter Heine"]
[Result "0-1"]
[WhiteElo "2734"]
[BlackElo "2700"]
[PlyCount "86"]
[EventDate "2010.08.??"]
[EventType "k.o. (blitz)"]
[EventRounds "2"]
[EventCountry "DEN"]
[SourceTitle "CBM 137 Extra"]
[Source "ChessBase"]
[SourceDate "2010.09.01"]
[SourceVersion "1"]
[SourceVersionDate "2010.09.01"]
[SourceQuality "1"]

1. e4 c6 2. d4 d5 3. Nd2 dxe4 4. Nxe4 Bf5 5. Nc5 e5 6. Nxb7 Qb6 7. Nc5 Bxc5 8.
dxc5 Qxc5 9. c3 Nf6 10. Nf3 O-O 11. Be2 Nbd7 12. O-O Rfd8 13. Qa4 Nb6 14. Qh4
Nbd5 15. Qg5 Ne7 16. Qe3 Qxe3 17. Bxe3 Ng6 18. Rfd1 Nd5 19. Bc5 Rdb8 20. Rd2 f6
21. g3 a5 22. Ne1 a4 23. Rc1 Nf8 24. Ba3 Be6 25. c4 Nb4 26. Ra1 Bf5 27. Bxb4
Rxb4 28. Nd3 Rb6 29. Nc5 Ne6 30. Nxe6 Bxe6 31. f4 exf4 32. gxf4 Rab8 33. b3
axb3 34. axb3 Rxb3 35. Ra6 Rb2 36. Rxb2 Rxb2 37. Bd3 Bd7 38. Ra8+ Kf7 39. Ra7
Ke8 40. Bxh7 Rb4 41. Bd3 Rb3 42. Bg6+ Kd8 43. h4 Rg3+ 0-1

[Event "Copenhagen KO"]
[Site "Copenhagen"]
[Date "2010.??.??"]
[Round "1.3"]
[White "Nielsen, Peter Heine"]
[Black "Svidler, Peter"]
[Result "0-1"]
[WhiteElo "2700"]
[BlackElo "2734"]
[PlyCount "34"]
[EventDate "2010.08.??"]
[EventType "k.o. (blitz)"]
[EventRounds "2"]
[EventCountry "DEN"]
[SourceTitle "CBM 137 Extra"]
[Source "ChessBase"]
[SourceDate "2010.09.01"]
[SourceVersion "1"]
[SourceVersionDate "2010.09.01"]
[SourceQuality "1"]

1. d4 Nf6 2. c4 g6 3. g3 c6 4. Bg2 d5 5. b3 Bg7 6. Nf3 O-O 7. O-O dxc4 8. bxc4
c5 9. Bb2 Qb6 10. Qc1 cxd4 11. Nxd4 Nfd7 12. e3 Nc6 13. Rd1 Nde5 14. Na3 Bg4
15. c5 Qa6 16. Nxc6 bxc6 17. Bf1 Qa4 0-1

[Event "Copenhagen KO"]
[Site "Copenhagen"]
[Date "2010.??.??"]
[Round "2.1"]
[White "Mchedlishvili, Mikheil"]
[Black "Svidler, Peter"]
[Result "0-1"]
[WhiteElo "2625"]
[BlackElo "2734"]
[PlyCount "98"]
[EventDate "2010.08.??"]
[EventType "k.o. (blitz)"]
[EventRounds "2"]
[EventCountry "DEN"]
[SourceTitle "CBM 137 Extra"]
[Source "ChessBase"]
[SourceDate "2010.09.01"]
[SourceVersion "1"]
[SourceVersionDate "2010.09.01"]
[SourceQuality "1"]

1. Nf3 Nf6 2. c4 g6 3. g3 Bg7 4. Bg2 O-O 5. O-O c5 6. Nc3 d5 7. cxd5 Nxd5 8. d3
Nc6 9. Nxd5 Qxd5 10. Be3 Bd7 11. Nd4 Qd6 12. Nxc6 Bxc6 13. Bxc6 Qxc6 14. Rc1
Qe6 15. b3 b6 16. Rc4 Rfd8 17. Qc2 a5 18. Re4 Qd7 19. h4 h5 20. Bg5 Re8 21. Rc4
e6 22. Bd2 Qd5 23. Bc3 Red8 24. Bxg7 Kxg7 25. Qc3+ Kg8 26. Rc1 Qb7 27. Qf6 Rd5
28. Rf4 Re8 29. a3 Rf5 30. Rxf5 exf5 31. e3 Qf3 32. Re1 Re6 33. Qc3 f4 34. exf4
Rxe1+ 35. Qxe1 Qxd3 36. Qe8+ Kg7 37. Qe5+ Kh7 38. Qb2 b5 39. Kh2 c4 40. bxc4
bxc4 41. Qb7 Kg7 42. Qb5 Qd4 43. Kg2 c3 44. Qc6 Qd3 45. f5 gxf5 46. Qc5 c2 47.
Qe5+ Kg6 48. Qc5 Qd2 49. Qc6+ Kg7 0-1

[Event "Copenhagen KO"]
[Site "Copenhagen"]
[Date "2010.??.??"]
[Round "2.2"]
[White "Svidler, Peter"]
[Black "Mchedlishvili, Mikheil"]
[Result "1-0"]
[WhiteElo "2734"]
[BlackElo "2625"]
[PlyCount "106"]
[EventDate "2010.08.??"]
[EventType "k.o. (blitz)"]
[EventRounds "2"]
[EventCountry "DEN"]
[SourceTitle "CBM 137 Extra"]
[Source "ChessBase"]
[SourceDate "2010.09.01"]
[SourceVersion "1"]
[SourceVersionDate "2010.09.01"]
[SourceQuality "1"]

1. e4 c6 2. d4 d5 3. Nd2 Qb6 4. Ngf3 Bg4 5. c3 e6 6. Bd3 Nf6 7. Qe2 Be7 8. O-O
O-O 9. Re1 Bh5 10. e5 Nfd7 11. Qe3 c5 12. Ng5 Bxg5 13. Qxg5 Bg6 14. Bxg6 fxg6
15. Qg4 Rf5 16. Nf3 Na6 17. Rb1 Raf8 18. Be3 Qc6 19. Nd2 Nc7 20. Qe2 b5 21.
dxc5 Nxc5 22. Bd4 a6 23. f3 Nd7 24. b3 Rd8 25. Rec1 Qb7 26. Qe3 Nb8 27. b4 Nc6
28. Nb3 Qc8 29. Nc5 Na8 30. Nd3 Nc7 31. Ra1 Rdf8 32. Bc5 R8f7 33. f4 g5 34.
fxg5 Qd8 35. h4 h6 36. g6 Rd7 37. Rf1 Qxh4 38. Rxf5 exf5 39. e6 Rd8 40. Nf4 Re8
41. Rd1 Qg4 42. Rd2 Qh4 43. Bd6 Qd8 44. Bxc7 Qxc7 45. Nxd5 Qb8 46. e7 Ne5 47.
Qf4 Nxg6 48. Nf6+ Kf7 49. Qxb8 Rxb8 50. e8=Q+ Rxe8 51. Nxe8 Kxe8 52. Rd6 Ne5
53. a4 Nc4 1-0

[Event "Politiken Larsen rapid"]
[Site "Copenhagen"]
[Date "2010.08.03"]
[Round "5"]
[White "Nielsen, Peter Heine"]
[Black "Svidler, Peter"]
[Result "0-1"]
[WhiteElo "2680"]
[BlackElo "2739"]
[PlyCount "66"]
[EventDate "2010.08.02"]
[EventType "match (rapid)"]
[EventRounds "6"]
[EventCountry "DEN"]
[SourceTitle "CBM 137 Extra"]
[Source "ChessBase"]
[SourceDate "2010.09.01"]
[SourceVersion "1"]
[SourceVersionDate "2010.09.01"]
[SourceQuality "1"]

1. d4 d6 2. Nf3 Bg4 3. c4 Bxf3 4. exf3 c6 5. Nc3 g6 6. Be3 Bg7 7. Be2 e6 8. d5
exd5 9. cxd5 Ne7 10. Qb3 Qd7 11. O-O O-O 12. Rfd1 Nf5 13. Ne4 c5 14. Bg5 Qc7
15. Bf6 Nd7 16. Bxg7 Nxg7 17. Bb5 Nb6 18. Nf6+ Kh8 19. Re1 Qd8 20. Qc3 a6 21.
Re8 Rxe8 22. Bxe8 Rc8 23. Re1 Rc7 24. h4 Re7 25. Rxe7 Qxe7 26. h5 Nf5 27. hxg6
Nd4 28. Qe3 Qxf6 29. gxf7 Kg7 30. Qe4 h5 31. f4 Nc8 32. Bd7 Ne7 33. Be6 Qxf4
0-1

[Event "Politiken Larsen blitz b3"]
[Site "Copenhagen"]
[Date "2010.08.04"]
[Round "4"]
[White "Svidler, Peter"]
[Black "Nielsen, Peter Heine"]
[Result "1-0"]
[WhiteElo "2734"]
[BlackElo "2700"]
[PlyCount "90"]
[EventDate "2010.08.04"]
[EventType "match (blitz)"]
[EventRounds "10"]
[EventCountry "DEN"]
[SourceTitle "CBM 137 Extra"]
[Source "ChessBase"]
[SourceDate "2010.09.01"]
[SourceVersion "1"]
[SourceVersionDate "2010.09.01"]
[SourceQuality "1"]

1. b3 e5 2. Bb2 Nc6 3. e3 d5 4. Bb5 Bd6 5. Nf3 Bg4 6. h3 Bxf3 7. Qxf3 Nf6 8.
Bxc6+ bxc6 9. d3 O-O 10. Nd2 a5 11. a4 Re8 12. O-O Nd7 13. e4 Nb6 14. Rae1 Bb4
15. Re2 Bxd2 16. Rxd2 Qd6 17. Re2 d4 18. Bc1 Nd7 19. Qg3 f6 20. f4 c5 21. Ref2
Kh8 22. f5 Qc6 23. Qf3 c4 24. dxc4 Nc5 25. Re1 d3 26. Ba3 dxc2 27. Qe3 Na6 28.
Rxc2 Red8 29. Rd2 Rxd2 30. Qxd2 Qb6+ 31. Re3 c6 32. Kh2 Rd8 33. Rd3 Rxd3 34.
Qxd3 h6 35. Qd7 Qe3 36. Qc8+ Kh7 37. Qxa6 Qf4+ 38. Kg1 Qe3+ 39. Kf1 Qd3+ 40.
Kf2 Qd2+ 41. Kf3 Qd3+ 42. Kf2 Qd2+ 43. Kf1 Qd1+ 44. Kf2 Qd2+ 45. Kg1 Qe3+ 1-0

[Event "Politiken Larsen blitz b3"]
[Site "Copenhagen"]
[Date "2010.08.04"]
[Round "5"]
[White "Nielsen, Peter Heine"]
[Black "Svidler, Peter"]
[Result "0-1"]
[WhiteElo "2700"]
[BlackElo "2734"]
[PlyCount "58"]
[EventDate "2010.08.04"]
[EventType "match (blitz)"]
[EventRounds "10"]
[EventCountry "DEN"]
[SourceTitle "CBM 137 Extra"]
[Source "ChessBase"]
[SourceDate "2010.09.01"]
[SourceVersion "1"]
[SourceVersionDate "2010.09.01"]
[SourceQuality "1"]

1. b3 c5 2. Bb2 Nc6 3. c4 Nf6 4. Bxf6 gxf6 5. g3 f5 6. Nc3 Bg7 7. Bg2 d6 8. Nh3
h5 9. Nf4 h4 10. e3 Bd7 11. Rc1 Rh6 12. O-O e6 13. Nb5 Qb8 14. a3 a6 15. Nc3
Qc7 16. b4 Ne5 17. d4 Ng4 18. bxc5 dxc5 19. d5 e5 20. Nd3 e4 21. Nf4 hxg3 22.
hxg3 O-O-O 23. Qd2 Rdh8 24. Rb1 Qd6 25. Rfd1 Bxc3 26. Qxc3 Rh1+ 27. Bxh1 Rxh1+
28. Kg2 Rh2+ 29. Kg1 Qh6 0-1

[Event "Politiken Larsen blitz b3"]
[Site "Copenhagen"]
[Date "2010.08.04"]
[Round "7"]
[White "Nielsen, Peter Heine"]
[Black "Svidler, Peter"]
[Result "0-1"]
[WhiteElo "2700"]
[BlackElo "2734"]
[PlyCount "64"]
[EventDate "2010.08.04"]
[EventType "match (blitz)"]
[EventRounds "10"]
[EventCountry "DEN"]
[SourceTitle "CBM 137 Extra"]
[Source "ChessBase"]
[SourceDate "2010.09.01"]
[SourceVersion "1"]
[SourceVersionDate "2010.09.01"]
[SourceQuality "1"]

1. b3 d5 2. Bb2 Bg4 3. f3 Bh5 4. e4 dxe4 5. Qe2 c6 6. Nc3 exf3 7. Nxf3 Nf6 8.
O-O-O e6 9. h3 Bxf3 10. Qxf3 Qa5 11. Kb1 Ba3 12. Ba1 Nbd7 13. g4 O-O-O 14. Bg2
h5 15. Ne4 hxg4 16. hxg4 Rxh1 17. Bxh1 Ne5 18. Qe2 Nexg4 19. Nxf6 Nxf6 20. Qg2
Bf8 21. Qf2 Qc5 22. Qf3 Be7 23. d3 Rh8 24. a4 Rh5 25. Bb2 Qf5 26. Qg3 g6 27.
Qg1 Qg4 28. Qe1 Nd5 29. Be4 Bb4 30. Qf1 Nc3+ 31. Bxc3 Bxc3 32. Bf3 Qb4 0-1

[Event "Politiken Larsen blitz b3"]
[Site "Copenhagen"]
[Date "2010.08.04"]
[Round "9"]
[White "Nielsen, Peter Heine"]
[Black "Svidler, Peter"]
[Result "0-1"]
[WhiteElo "2700"]
[BlackElo "2734"]
[PlyCount "60"]
[EventDate "2010.08.04"]
[EventType "match (blitz)"]
[EventRounds "10"]
[EventCountry "DEN"]
[SourceTitle "CBM 137 Extra"]
[Source "ChessBase"]
[SourceDate "2010.09.01"]
[SourceVersion "1"]
[SourceVersionDate "2010.09.01"]
[SourceQuality "1"]

1. b3 e5 2. Bb2 Nc6 3. c4 g6 4. e3 Bg7 5. Nf3 d6 6. Be2 Nf6 7. d4 exd4 8. Nxd4
O-O 9. O-O Re8 10. Nxc6 bxc6 11. Nc3 Rb8 12. Qd2 c5 13. Bf3 Bd7 14. Qc2 a5 15.
a4 Bf5 16. Qd1 Ne4 17. Bxe4 Bxe4 18. Ra2 Bc6 19. Nb5 Qg5 20. g3 Qf5 21. Bxg7
Bf3 22. Ba1 Bxd1 23. Rxd1 c6 24. Nxd6 Qf3 25. Rad2 Red8 26. h3 Rxb3 27. Kh2 h5
28. h4 Kh7 29. Nxf7 Qxd1 30. Rxd8 Qxa1 0-1

[Event "Amsterdam NH Hotels 5th"]
[Site "Amsterdam"]
[Date "2010.08.13"]
[Round "2"]
[White "Svidler, Peter"]
[Black "So, Wesley"]
[Result "1/2-1/2"]
[WhiteElo "2734"]
[BlackElo "2674"]
[Annotator "Kritz,L"]
[PlyCount "99"]
[EventDate "2010.08.12"]
[EventType "schev"]
[EventRounds "10"]
[EventCountry "NED"]
[SourceTitle "CBM 138"]
[Source "ChessBase"]
[SourceDate "2010.09.17"]
[SourceVersion "1"]
[SourceVersionDate "2010.09.17"]
[SourceQuality "1"]

1. e4 c6 2. d4 d5 {Caro-Kann sieht heutzutage wie eine unantastbare Festung
aus. Zusammen mit der Russischen Partie sind das die zwei Eröffnungen, die die
meisten Probleme vor die Weißspieler stellen. Doch im Vergleich zu Russisch
erlaubt es Caro-Kann auch, auf einen Konter zu spielen.} 3. e5 {Heutzutage ist
der Vorstoß 3.e5 auf hohem Niveau öfters anzutreffen als die alte
Hauptvariante 3.Nc3. Das Problem nach 3.Nc3 liegt in der Stellung, die nach
den folgenden Zügen aufs Brett kommt:} (3. Nc3 {Die "klassische Hauptvariante".
} dxe4 4. Nxe4 Bf5 5. Ng3 Bg6 6. h4 h6 7. Nf3 Nd7 8. h5 Bh7 9. Bd3 Bxd3 10.
Qxd3 e6 11. Bf4 Qa5+ 12. Bd2 Bb4 13. c3 Be7 $11 {Die Erfahrungen der letzten
Jahren haben gezeigt, dass diese Stellung, die fast forciert aufs Brett kommt,
ausgeglichen ist.} 14. c4 Qc7 15. O-O-O Ngf6 $11 {Früher spielte man diese
Stellung mit dem Bauern auf c2 (ohne Bb4-Be7). Der Unterschied ist, dass
Schwarz sehr gutes Gegenspiel mittels b5 bekommt. Deswegen greift Weiß öfters
zu 3.e5.}) (3. exd5 cxd5 4. c4 {Der Panov Angriff.} Nf6 5. Nc3 e6 6. Nf3 Bb4 {
führt ebenfalls zu Stellungen mit gleichen Chancen für beide Seiten.}) 3... Bf5
{Nun hat Weiß eine Menge an spielbaren Varianten.} ({Eine Alternative ist} 3...
c5 {, wonach Weiß zu einem kleinen Vorteil kommen kann.} 4. dxc5 Nc6 5. Nf3 Bg4
(5... e6 6. Be3 Nge7 7. c3 Nf5 8. Bd4 Bd7 9. Qd2 a5 10. Be2 a4 11. O-O Qa5 12.
Bd3 Nfxd4 13. cxd4 Qxd2 14. Nbxd2 $14 {Socko - Dziuba (Lubniewice, 2005)}) 6.
Bb5 Qa5+ 7. Nc3 e6 8. Be3 Nge7 9. a3 a6 10. b4 Qc7 11. O-O Bxf3 (11... axb5 12.
Nxb5 Qb8 13. Nd6+ Kd7 14. Nxf7 $16) 12. Qxf3 Qxe5 13. Bxc6+ Nxc6 14. Na4 $14 {
Navara - Landa (Erfurt, 2008)}) 4. Nf3 {Eine der vielen Fortsetzungen, aber im
Angesicht der letzten Partien wieder die Hauptfortsetzung.} (4. Nd2 $5 {
Ist eine zu beachtende Alternative.} e6 5. Nb3 c5 $1 {Der direkteste und
stärkste Versuch!} ({Nach} 5... Nd7 6. Nf3 Ne7 (6... c5 $2 7. dxc5 Nxc5 (7...
a6 8. Nbd4 Bg6 9. b4 $16) 8. Nxc5 Bxc5 9. Bb5+ $16) 7. Be2 $14 {hat Weiß sein
erstes Ziel erreicht - Schwarz kann kein c5 spielen, und damit ist dem Weißen
ein kleiner Vorteil gesichert.}) 6. dxc5 Bxc5 $1 7. Nxc5 Qa5+ 8. c3 Qxc5 9. Nf3
Ne7 10. Qa4+ Nbc6 11. Be3 Qa5 12. Qxa5 Nxa5 13. Nd4 a6 14. Nxf5 Nxf5 15. Bf4
Rc8 16. O-O-O Ne7 $11 {Rublevsky - Erenburg (Beer Sheva, 2005). Der Vorteil
des Läuferpaares ist nicht spürbar, weil die Stellung geschlossen ist.} 17. h3
Ng6 18. Bh2 Nc4 19. Re1 O-O $11 {Kosintseva N. - Chiburdanidze (Krasnoturyinsk,
2006). Zwar hat Weiß den Vorteil des Läuferpaares, doch die Stellung ist
ziemlich geschlossen und Schwarz kann sie wohl halten.}) ({Zu scharfem, für
Caro-Kann eher nicht typischen, Spiel führt} 4. Nc3 $5 e6 5. g4 Bg6 6. Nge2 c5
$132) (4. Be3 e6 5. Nd2 Nd7 {führt zu einer Stellung ähnlich der
Partiestellung.}) (4. c4 e6 5. Nc3 Ne7 6. a3 dxc4 7. Bxc4 Nd7 $132 {Weiß hat
das Feld d5 aufgegeben, hat dafür jedoch einen Raumvorteil. Die Stellung ist
gut spielbar für beide Seiten.}) 4... e6 5. Be2 Ne7 (5... c5 $5 {Noch bis vor
Kurzem galt diese Variante als ausgleichend, doch die letzten
Theorieentwicklungen haben gezeigt, dass Schwarz doch kein leichtes Leben hat.}
6. Be3 cxd4 7. Nxd4 Ne7 8. c4 (8. Bg5 Qd7 $1 9. Bxe7 (9. Nc3 Bg6 10. h4 h6 11.
Bf4 Nec6 12. Nb3 Qd8 13. h5 Bh7 14. Bd3 Bxd3 15. Qxd3 Nd7 16. Qg3 a6 $132 {
Charbonneau - Erenburg (Baltimore, 2008)}) (9. c4 Nbc6 10. Bxe7 Bxe7 11. Nxf5
exf5 12. cxd5 Nxe5 13. O-O O-O 14. Nc3 a6 15. Qd4 Bd6 16. a4 Qe7 17. Rad1 Rad8
18. Rfe1 Rfe8 19. Bf1 Qg5 $36 {Shabalov - Kacheishvili (Philadelphia, 2008).
Schwarz kann eigentlich nur besser stehen.}) 9... Bxe7 10. Nxf5 exf5 11. Bf3 (
11. Nd2 Nc6 12. Nf3 O-O 13. O-O Rad8 14. Re1 Rfe8 15. Qd2 Bc5 $132 {Nijboer -
Erenburg (Dieren, 2006). Der Bauer e5 ist genauso schwach wie der Bauer d5.'})
11... Qb5 {'!'} (11... d4 $6 {Man sollte dem weißen Läufer nicht so viel Platz
machen.} 12. O-O Nc6 13. Bxc6 bxc6 14. Qd3 Rb8 15. b3 Rb5 16. Qg3 O-O 17. Nd2
Bb4 18. Nc4 Bc3 19. Rad1 $14 {Volokitin - Bareev (Warsaw, 2002)}) 12. Qxd5 Qxb2
13. O-O Nc6 14. Nd2 (14. Qb3 Qxb3 15. axb3 Kd7 16. Nc3 Rhd8 17. Rfd1+ Ke6 $11 {
Almasi - Vallejo Pons (Heviz, 2008)}) 14... Rd8 15. Qb3 Qxb3 16. Nxb3 Kd7 17.
Rfd1+ Kc7 $11 {Mamedov - Rodshtein (Plovdiv, 2008)}) (8. Nd2 Nbc6 9. N2f3 Bg4
10. O-O Bxf3 (10... Nxd4 $2 11. Nxd4 Bxe2 12. Qxe2 {Der Abtausch bring Schwarz
keine Erleichterung, im Gegenteil, er gerät in einen Entwicklungsnachteil, der
entscheidend ist.} Nc6 13. c4 $1 Be7 (13... Nxe5 14. cxd5 Qxd5 15. Rac1 Be7 16.
Rfd1 $16 {/\Nc6/Nb5}) 14. Rfd1 O-O 15. cxd5 exd5 16. Nf5 $16 {Bologan - Bakker
(Gibraltar, 2006)}) 11. Nxf3 g6 $1 (11... Nf5 12. Bf4 Be7 13. Bd3 Nh4 14. Nxh4
Bxh4 15. Qg4 g6 {Kritz - Miton (Lubbock, 2008)} 16. Rad1 $1 h5 (16... O-O 17.
c4 $14) 17. Qe2 Bg5 18. Bxg5 Qxg5 19. f4 Qe7 20. c4 $14) 12. c4 $5 Bg7 $11 {
Kamsky - Topalov (Sofia, 2009)}) 8... Nbc6 9. Qa4 a6 10. Nc3 dxc4 11. O-O-O Qa5
12. Qxa5 Nxa5 13. Nxf5 Nxf5 14. Bb6 Nc6 15. f4 Rc8 16. g4 Nh4 17. Bxc4 g5 18.
f5 Nxe5 19. Bb3 Bc5 20. Ba4+ $1 (20. Bxc5 Rxc5 21. fxe6 fxe6 22. Bxe6 Ke7 $11 {
Bologan - Le Quang Liem (Moscow, 2010)}) 20... Ke7 21. f6+ Kxf6 22. Ne4+ Kg7
23. Nxc5 Nc4 24. Ba7 $14 {Caruana - Arutinian (Rijeka, 2010)}) (5... Nd7 6. O-O
Ne7 (6... c5 7. c4 Ne7 8. Nc3 $14) 7. Nh4 Bg6 8. Nd2 c5 9. c3 Nc6 10. Nxg6 hxg6
11. Nf3 $14) (5... h6 6. O-O Ne7 7. Nbd2 Nd7 8. Nb3 Bh7 9. Bd2 $14 {In allen
Varianten, wo Schwarz es nicht schafft, den Vorstoß c5 durchzuführen, steht
Weiß besser.}) 6. O-O c5 7. dxc5 {Die einzige ernsthafte Alternative ist 7.c4}
(7. c4 Nbc6 8. Na3 (8. Nc3 dxc4 9. dxc5 Nd5 10. Na4 Ndb4 $11 {und Weiß hatte
keinen Vorteil in Alekseev - Ponomariov (Kallithea, 2008)}) 8... dxc4 9. Nxc4
Nd5 10. Bg5 Qd7 11. Rc1 h6 12. Be3 b5 13. Na3 a6 14. dxc5 Be7 $44 {Motylev -
Riazantsev (Poikovsky, 2010). Die schwarze Kompensation basiert auf der
Schwäche des Bauern e5, dem schlechten weißen Springer a3 und der Drohung Nxe3
wonach die weiße Bauernstruktur ruiniert wird.}) 7... Nec6 8. a3 (8. Bg5 {
sieht logisch aus.} Be7 9. Bxe7 Qxe7 10. c4 dxc4 11. Na3 c3 12. bxc3 Nd7 13.
Bb5 Qxc5 14. Nc4 O-O 15. Qxd7 Qxb5 16. Nd6 $14 {Naiditsch - Le Quang Liem 
(Dortmund, 2010)}) (8. Be3 {wird oft gespielt, ist aber seit langer Zeit auf
hohem Niveau abgestellt.} Nd7 9. c4 dxc4 10. Na3 Bxc5 11. Bxc5 Nxc5 12. Nxc4
O-O 13. Qc1 Nd3 14. Qe3 Qd5 $11 {Ivanchuk - Karpov (Monte Carlo, 1998)}) 8...
Nd7 $5 $146 {Bis jetzt wurde nur 8....Bxc5 gespielt, wonach Weiß etwas bessere
Chancen hatte. Der Partiezug sieht gut aus.} (8... Bxc5 9. b4 Bb6 10. Bb2 Nd7
11. c4 dxc4 12. Nbd2 $14 {Inarkiev - Simutowe (Goa, 2002)}) 9. b4 (9. Bf4 $2
Bxc5 10. b4 Bb6 $15) 9... a5 $1 {Das ist die Idee hinter 8....Nbd7. Das Nehmen
auf e5 würde Weiß in Vorteil bringen.} (9... Ncxe5 10. Nxe5 Nxe5 11. Bb2 Nc6
12. Nd2 $14 {Der Läufer auf der langen Diagonale sieht sehr unangenehm aus.
Vor allem kann Schwarz die Entwicklung nicht vollenden, weil der Bauer g7
hängt.}) 10. Nd4 ({Interessant ist der direkte Versuch} 10. b5 $5 Ncxe5 11. Nd4
$1 (11. Nxe5 $2 Nxe5 12. Bb2 Nc4 $1 13. Bxc4 dxc4 14. Qf3 (14. Nd2 Qd5 $17)
14... Bxc5 15. Bxg7 Rg8 16. Qxb7 Qc8 $1 (16... Rxg7 17. Qc6+ $16) 17. Qxc8+
Rxc8 18. Bc3 Bh3 19. g3 Bxf1 20. Kxf1 a4 $17) 11... Nxc5 (11... Bg6 12. c6 bxc6
13. bxc6 Nb8 14. Bb5 $16) (11... Bxc5 12. Nxf5 exf5 13. Qxd5 Qc7 14. Bb2 O-O
15. Nd2 $14 {Weiß steht klar besser.}) 12. Nxf5 exf5 13. Qd4 f6 14. Nc3 Ne4 15.
Na4 $1 (15. Nxd5 Bc5 16. Qd1 O-O $36 {Die schwarzen Figuren stehen zu aktiv.})
15... Rc8 16. Ra2 $44 {Der nächste Zug von Weiß ist Rd1 und der Bauer d5 kommt
in Gefahr. Weiß hat sicherlich gute Kompensation, ob das für einen Vorteil
reicht, ist jedoch fraglich.}) 10... axb4 11. Nxf5 exf5 12. Bb2 (12. Qxd5 Bxc5
13. Rd1 Ra5 $15 {Weiß kann auf keinen Vorteil hoffen, wenn seine Figuren fast
alle auf der Grundreihe stehen.}) 12... Bxc5 13. axb4 {Der stärkste Zug.} (13.
Qxd5 Ra5 14. Qd3 Ndxe5 15. Qxf5 $2 Bd4 $1 $17) 13... Rxa1 14. Bxa1 Nxb4 15. Nc3
Nb6 (15... O-O 16. Nxd5 Nc6 17. e6 $1 fxe6 18. Nf4 Re8 19. Bc4 $14 {Die weiße
Aktivität verspricht mehr als Kompensation.}) 16. Bb5+ Nc6 17. Qf3 O-O 18. Qxf5
{Beide Spieler machen die besten Züge und enden in einem ausgeglichenen
Endspiel.} (18. Rd1 $2 Nd4 19. Qe3 Nb3 20. Qf4 Nxa1 21. Rxa1 Qe7 22. Rd1 Qe6
$17) 18... Nd4 (18... Qe7 $5 19. Ne2 $1 Rd8 20. Qf4 $14 {Weiß kontrolliert das
Feld d4 und bereitet Ng3-Nf5 vor.}) 19. Qd3 Qh4 20. g3 Qg4 {Weiß kann den
weißfeldrigen Läufer sowieso nicht retten.} 21. Ne2 Nxb5 22. Qxb5 Qc4 $6 ({
Stärker war} 22... Nc4 $1 23. Qxc5 (23. Nf4 b6 24. Nxd5 $2 Nd2 25. Rc1 Nf3+ 26.
Kg2 Qe4 $19) 23... Qxe2 24. Qxd5 Nd2 25. Rc1 Nf3+ 26. Kg2 Ne1+ 27. Kg1 Nf3+ $11
) 23. Rb1 $1 Ra8 (23... Qxc2 $4 24. Bd4 $1 Bxd4 25. Nxd4 Qe4 26. Qxb6 $18) 24.
Bc3 h6 25. Qxc4 dxc4 26. Bd4 ({Auch stark war} 26. Rb5 Na4 27. Bd4 Bxd4 28.
Nxd4 Rd8 29. Nf5 $14) 26... Nd7 27. e6 $1 {Svidler spielt sehr stark. Der
einzige Fehler des Gegners im 22. Zug hat ihm gereicht, um großen Vorteil zu
erzielen.} (27. Rxb7 $2 Bxd4 28. Nxd4 Nxe5 $11) 27... fxe6 28. Rxb7 Rd8 (28...
Bxd4 29. Nxd4 Nc5 30. Rb4 $16) 29. Rc7 (29. Nf4 $1 {konnte den Punkt sichern!}
Bxd4 30. Nxe6 Bxf2+ (30... Nc5 31. Nxd8 Nxb7 32. Nxb7 $18) 31. Kxf2 Re8 32.
Nxg7 Kxg7 (32... Rf8+ 33. Ke3 Nc5 34. Ra7 $18) 33. Rxd7+ Kg6 34. Rc7 Re4 35.
Rc6+ Kg5 36. Kf3 Rd4 37. h3 h5 38. Ke3 $18) 29... Bxd4 30. Nxd4 Nc5 31. Nc6 (
31. Nb5 Rd5 32. Nc3 Re5 33. f4 Re3 34. Nb5 Ne4 35. Rxc4 g5 $1 $44) 31... Rd1+
32. Kg2 Ne4 33. Ne7+ Kf7 34. Nd5+ Kg8 35. Ne7+ (35. Ne3 $1 {gewann leicht,
aber vermutlich waren die Spieler in Zeitnot.} Rd2 36. Rxc4 Nxf2 (36... Rxf2+
37. Kg1 $18) 37. Nf1 Re2 38. Kf3 $18) 35... Kf7 36. Nc8+ Kf6 37. Rxc4 Re1 (
37... Nd6 $2 38. Nxd6 Rxd6 39. h4 $18) 38. Na7 {Weiß hat zwar den Bauern
gewonnen, doch während er seine Figuren mobilisiert, bekommt Schwarz
Initiative.} Ke5 39. Nb5 Re2 40. Kf3 Re1 $4 {Nur Zeitnot kann erklären, warum
Schwarz nicht auf f2 genommen hat.} (40... Rxf2+ $1 41. Ke3 Rf3+ 42. Kxf3 Nd2+
43. Ke2 Nxc4 $11) 41. Nd4 Kd5 42. Rb4 Nc3 (42... Nd2+ 43. Kg2 Rc1 44. Nb3 $1
Nxb3 (44... Rxc2 45. Rd4+ Ke5 46. Rxd2 $18) 45. cxb3 $16) 43. Nb3 e5 44. Rb7
e4+ 45. Kf4 $2 {Normalerweise muss der König im Endspiel ins Zentrum laufen,
doch in diesem Fall wäre es besser gewesen, wenn er zu Hause geblieben wäre.} (
45. Kg2 Re2 46. Rd7+ Kc4 47. Rd4+ Kb5 48. Rd2 $16) 45... Re2 {Forciert das
Remis.} 46. Rd7+ (46. Rxg7 $2 Rxf2+ 47. Kg4 Rxc2 $15) 46... Ke6 47. Rd2 Nd5+ $1
48. Kg4 Rxd2 49. Nxd2 e3 50. fxe3 1/2-1/2